Statistics for Interesting Facts True Or False #11

Click here to take the quiz!

General Stats

  • This quiz has been taken 2 times
    (1 since last reset)
  • The average score is 9 of 15

Answer Stats

QuestionAnswer% Correct
You are 200% more likely to die on your birthday.False
100%
The most stolen book from libraries are the books from the Hunger Games trilogy.False
100%
The geographical name 'Tohopekaliga' is considered a 4th-grade-level spelling bee word. Typically, you find words like drooped, stitchery, and intertwine.False
100%
In Finland, there are more saunas than cars.False
100%
The most overdue library book was 288 years late.True
100%
A typical 2x4 LEGO brick can theoretically hold over 200,000 real bricks without it being broken or damaged in any way.True
100%
Expiration dates on water bottles are for the bottles, not the water.True
100%
Thousands of people from around the world are working together to create a 1:1 replica of the entire earth in Minecraft.True
100%
The Supreme Court has a private basketball court.True
100%
Ozone increases the chances of surviving certain types of cancer. Sadly, it still cannot cure it.False
0%
All the numbers on a roulette wheel add up to 777.False
0%
Thomas Edison claimed that the idea he had for the working design of the light bulb from a dream he had a few days earlier.False
0%
The average person will spend 200 days of their life looking for lost items.True
0%
Wood is rarer than diamonds.True
0%
1/3 of divorce filings contain 'Facebook' somewhere in them.True
0%

Score Distribution

Percentile by Number Answered

Percent of People with Each Score

Your Score History

You have not taken this quiz since the last reset